Romanceiro tradicional português (Registo nº 201854)

Detalhes MARC
000 -Etiqueta do registo
Valores 00702nam 22002053 4500
021 ## - Número do Depósito Legal
Código do país Portugal
Número 5541/84
100 ## - Dados gerais de processamento
Dados gerais 20260420d u||y0pory50 ba
200 ## - Titulo e menção de responsabilidade
Título próprio Romanceiro tradicional português
Primeira menção de responsabilidade apresentação crítica, organização, notas e sugestões para análise literária de J. David Pinto Correia
205 ## - Menção da edição
Edição
210 ## - Publicação
Local de publicação Lisboa
Nome do editor Editorial Comunicação
Data de publicação 1984
215 ## - Descrição física 
Paginação / Volumes 385, [7] p.
Outras indicações físicas brochado
Dimensões 19 cm
225 ## - Colecção 
Título próprio da colecção Textos literários
Número de parte ou secção 36
606 ## - Nome comum usado como assunto
ID Autoridade 3661
Palavra de ordem Crítica Literária.Estudos Literários
675 ## - CDU
Notação 82.09
Edição PT
Língua por
701 ## - Co-autor principal (pessoa individual)
ID Autoridade 17154
Apelido Correia
Nome João David Pinto
Datas 1939-2018
801 ## - Fonte de origem
País PT
Agência BMMN
Regras de catalogação RPC
830 ## - Notas gerais do catalogador
Criado por Vanda
990 ## - Elementos KOHA
Tipo de documento Livro
Exemplares
Situação do levantamento Biblioteca de origem Código de barras Cota Permissão de empréstimo Tipo de documento Forma de aquisição
  Biblioteca Municipal de Montemor-o-Novo 31235 82.09 ROM|DEP   Livro Compra

Powered by Koha